| 000 | 01504nam a2200397 i 4500 | ||
|---|---|---|---|
| 001 | 197789 | ||
| 003 | ES-MaACL | ||
| 005 | 20250902063121.0 | ||
| 008 | 201010s2009 sp a | |||| 000 m spa | ||
| 015 | _aMON09 | ||
| 017 |
_aM 49972-2009 _bOficina Depósito Legal Madrid |
||
| 035 | _a(OCoLC)733868723 | ||
| 035 | _a(SpMaBN)a4686089 | ||
| 040 |
_aSpMaBN _bspa _cSpMaBN _erdc |
||
| 080 | _a316.344.7-058.5(0:82) | ||
| 080 | _a316.344.7-058.5(0:77) | ||
| 080 | _a77(460)"19" | ||
| 080 | _a821.134.2-34"19/20"(082.2) | ||
| 245 | 0 | 0 |
_aUno, nosotros, todos : _bfotos, cuentos y relatos hiperbreves. |
| 260 |
_aMadrid : _bFundación de Derechos Civiles, _cD.L. 2009. |
||
| 300 |
_a453 páginas : _bilustrado a color y blanco y negro ; _c23 cm. |
||
| 336 |
_2rdacontent _atexto |
||
| 337 |
_2rdamedia _asin mediación |
||
| 338 |
_2rdacarrier _avolumen |
||
| 650 | 7 |
_aMarginados sociales- _vCuentos _9143101 |
|
| 650 | 7 |
_aMarginados sociales- _vObras ilustradas _9174102 |
|
| 650 | 4 |
_aFotografía- _zEspaña _2embne _912950 |
|
| 650 | 4 |
_aCuentos españoles- _yS.XX _2embne _911487 |
|
| 650 | 7 |
_aCuentos españoles- _yS.XXI _9143102 |
|
| 710 | 0 |
_aFundación de Derechos Civiles _94268 |
|
| 852 |
_aES-MaCL _cDEPOJ _jN-10625 _xEncuadernación rústica _9206748 _hDonación: Editorial |
||
| 942 |
_cMONOGRAFIA _n0 |
||
| 999 |
_c197789 _d197789 |
||